000 00557nam a2200205Ia 4500
003 GCL
008 140319s9999 xx 000 0 eng d
040 _aGCL /
_cGCL
082 0 4 _a005.43
_bW M
100 1 _aWELLAND, RAY
245 1 0 _aMETHODICAL PROGRAMMING COBOL - 85 /
_cWELLAND, RAY
700 1 _aHAIGH, JIM
260 _a[S.N] :
_bPILMAN PUBLISHING ،
_c1994
300 _a408 P
650 0 4 _aشعر الحرب
650 0 4 _aPROGRAMMING
650 0 4 _aELECTRONIC COMPUTER
650 0 4 _aCOBOL - 85 [COMPUTER PROGRAM LANGUAGE )
942 _2ddc
_cBK
999 _c24415
_d24415